Statistics for Subdivisions that have Hosted the Winter Olympics

Click here to take the quiz!

General Stats

  • This quiz has been taken 28 times
  • The average score is 12 of 18

Answer Stats

CountryYearSubdivision% Correct
Canada1988Alberta
95%
Germany1936Bavaria
95%
Canada2010British Columbia
90%
Austria1964, 1976Tyrol
85%
United States2002Utah
85%
United States1960California
80%
United States1932, 1980New York
75%
Italy2006Piedmont
75%
Bosnia and Hergozina1984Federation of Bosnia and Herzegovina
70%
Japan1972Hokkaido
70%
Norway1952Oslo
70%
France1924, 1968, 1992Auvergne-Rhône-Alpes
65%
Italy1956Veneto
50%
Russia2014Krasnodar
45%
South Korea2018Gangwon
30%
Switzerland1928, 1948Grisons
30%
Japan1998Nagano
30%
Norway1994Innlandet
20%

Score Distribution

Percentile by Number Answered

Percent of People with Each Score

Your Score History

You have not taken this quiz